000
00189 a2200097 4500
001
9527
100
_a
Gant, P
245
_a
Mechanics
260
_a
_b
G Bell & Sons
_c
090
_c
7573
_d
7573
942
_a
NUST-CAE
_c
M
_c
34237
999
_c
244600
_d
244600